[Event "CZE-chT2E 1617"]
[Site "Czech Republic"]
[Date "2016.11.27"]
[Round "4.6"]
[White "Kupcik, Zdenek"]
[Black "Navratilik, Pavel"]
[Result "1/2-1/2"]
[WhiteElo "1931"]
[BlackElo "2053"]
[PlyCount "75"]
[EventDate "2016.09.10"]
[EventType "team-tourn"]
[EventRounds "11"]
[EventCountry "CZE"]
[SourceTitle "EXT 2022"]
[Source "ChessBase"]
[SourceDate "2021.10.06"]
[SourceVersion "1"]
[SourceVersionDate "2021.10.06"]
[SourceQuality "1"]
[WhiteTeam "Vyskov"]
[BlackTeam "Kromeriz Slavia II"]
[WhiteTeamCountry "CZE"]
[BlackTeamCountry "CZE"]

1. e4 c5 2. Nf3 d6 3. d4 cxd4 4. Nxd4 Nf6 5. Nc3 a6 6. Be2 e5 7. Nb3 Be7 8. 0-0 0-0 9. f4 Nbd7 10. Be3 b5 11. a3 Bb7 12. Bf3 Rc8 13. Qe1 exf4 14. Bxf4 Ne5 15. Rd1 Neg4 16. Bxg4 Nxg4 17. Qg3 Qb6+ 18. Kh1 Ne5 19. Nd4 Ng6 20. Be3 Qc7 21. Nf5 Bf6 22. Bd4 Be5 23. Bxe5 dxe5 24. Nd6 Rcd8 25. Nxb7 Qxb7 26. Nd5 Rd7 27. Rd3 Rc8 28. c3 Rcd8 29. Rfd1 Kf8 30. Qe3 Qc6 31. h3 a5 32. Qf2 f6 33. Qe3 Ke8 34. Qf2 Kf8 35. Qe3 Ke8 36. Qf2 Kf8 37. Qe3 Ke8 38. Qf2 1/2-1/2

[Event "CZE-chT2F 1516"]
[Site "Czech Republic"]
[Date "2016.04.03"]
[Round "10.43"]
[White "Vrana, Frantisek"]
[Black "Navratilik, Pavel"]
[Result "1-0"]
[WhiteElo "2207"]
[BlackElo "2059"]
[PlyCount "31"]
[EventDate "2015.10.18"]
[EventType "team-tourn"]
[EventRounds "11"]
[EventCountry "CZE"]
[SourceTitle "EXT 2022"]
[Source "ChessBase"]
[SourceDate "2021.10.06"]
[SourceVersion "1"]
[SourceVersionDate "2021.10.06"]
[SourceQuality "1"]
[WhiteTeam "Stare Mesto II"]
[BlackTeam "Postoupky"]
[WhiteTeamCountry "CZE"]
[BlackTeamCountry "CZE"]

1. e4 c5 2. Nf3 d6 3. g3 Nc6 4. Bg2 e5 5. c3 f5 6. exf5 Bxf5 7. d4 exd4 8. cxd4 Bxb1 9. Rxb1 Qa5+ 10. Bd2 Qxa2 11. dxc5 dxc5 12. 0-0 Be7 13. Bc3 Rd8 14. Qe2 Nf6 15. Ng5 Rd6 16. Rfe1 1-0

[Event "CZE-chT2E 1415"]
[Site "Czech Republic"]
[Date "2014.11.02"]
[Round "1.5"]
[White "Walek, Petr"]
[Black "Navratilik, Pavel"]
[Result "1-0"]
[WhiteElo "2080"]
[BlackElo "2100"]
[PlyCount "83"]
[EventDate "2014.11.02"]
[EventType "team-tourn"]
[EventRounds "11"]
[EventCountry "CZE"]
[SourceTitle "EXT 2022"]
[Source "ChessBase"]
[SourceDate "2021.10.06"]
[SourceVersion "1"]
[SourceVersionDate "2021.10.06"]
[SourceQuality "1"]
[WhiteTeam "Dalesice Pivovar"]
[BlackTeam "Postoupky"]
[WhiteTeamCountry "CZE"]
[BlackTeamCountry "CZE"]

1. e4 c5 2. Nf3 d6 3. d4 cxd4 4. Nxd4 Nf6 5. Nc3 a6 6. Bg5 e5 7. Nf5 Bxf5 8. exf5 Be7 9. Bxf6 Bxf6 10. Bc4 Nc6 11. 0-0 0-0 12. Qd3 Nd4 13. Bd5 Qd7 14. Be4 Rac8 15. Rac1 Bd8 16. Kh1 g6 17. g4 Kh8 18. Nd5 Qb5 19. Qxb5 Nxb5 20. c3 Bg5 21. Rcd1 Rc4 22. f3 Rd8 23. Rd3 Kg7 24. Rfd1 h5 25. h3 hxg4 26. hxg4 Rh8+ 27. Kg2 Rh4 28. Kg3 Rc8 29. f6+ Kh7 30. a4 Na7 31. Ne7 Rc7 32. Rxd6 Rh6 33. Nd5 Rc8 34. Rd7 Rh8 35. Ne7 Bxf6 36. Nxg6 Rxg6 37. Rxf7+ Kh6 38. Rh1+ Kg5 39. Rxh8 Bxh8 40. Rf5+ Kh6 41. Rh5+ Kg7 42. Bxg6 1-0

[Event "CZE-chT2F 1213"]
[Site "Czech Republic"]
[Date "2012.10.14"]
[Round "1.46"]
[White "Navratilik, Pavel"]
[Black "Splichal, Stanislav"]
[Result "1-0"]
[WhiteElo "2106"]
[BlackElo "2106"]
[PlyCount "67"]
[EventDate "2012.10.14"]
[EventType "team-tourn"]
[EventRounds "11"]
[EventCountry "CZE"]
[SourceTitle "EXT 2016"]
[Source "ChessBase"]
[SourceDate "2015.10.08"]
[SourceVersion "1"]
[SourceVersionDate "2015.10.08"]
[SourceQuality "1"]
[WhiteTeam "Postoupky"]
[BlackTeam "Ostrava TJ Nova Hut"]
[WhiteTeamCountry "CZE"]
[BlackTeamCountry "CZE"]

1. d4 Nf6 2. c4 e6 3. Nc3 Bb4 4. Qc2 0-0 5. Bg5 d6 6. a3 Bxc3+ 7. Qxc3 Nbd7 8. Nf3 h6 9. Bh4 b6 10. e3 Bb7 11. Bd3 Qe7 12. 0-0 e5 13. Nd2 e4 14. Bc2 Rfe8 15. Rae1 g5 16. Bg3 Nf8 17. Ba4 Red8 18. f3 exf3 19. gxf3 Ng6 20. Bc2 Nh5 21. Bf5 Ng7 22. Bxg6 fxg6 23. Qd3 Qf7 24. f4 gxf4 25. Rxf4 Qe8 26. Rf6 Nf5 27. e4 Nxg3 28. Qxg3 Kg7 29. Qf4 Qe7 30. Rf1 Rf8 31. e5 dxe5 32. dxe5 Rae8 33. Rf2 Qd7 34. Rxf8 1-0

[Event "CZE-chT2E 1011"]
[Site "Czech Republic"]
[Date "2011.02.06"]
[Round "7.3"]
[White "Navratilik, Pavel"]
[Black "Kapusta, Petr"]
[Result "0-1"]
[WhiteElo "2164"]
[BlackElo "2172"]
[PlyCount "54"]
[EventDate "2010.10.17"]
[EventType "team-tourn"]
[EventRounds "11"]
[EventCountry "CZE"]
[SourceTitle "EXT 2012"]
[Source "ChessBase"]
[SourceDate "2011.11.24"]
[SourceVersion "1"]
[SourceVersionDate "2011.11.24"]
[SourceQuality "1"]
[WhiteTeam "Holesov"]
[BlackTeam "Stare Mesto III"]
[WhiteTeamCountry "CZE"]
[BlackTeamCountry "CZE"]

1. d4 Nf6 2. c4 g6 3. Nc3 Bg7 4. e4 d6 5. f3 0-0 6. Be3 e5 7. d5 c6 8. Qd2 cxd5 9. cxd5 Nbd7 10. g4 Nc5 11. Nge2 Bxg4 12. fxg4 Nfxe4 13. Nxe4 Nxe4 14. Qb4 Qh4+ 15. Ng3 Nxg3 16. Bf2 a5 17. Qa4 e4 18. Bxg3 Qxg4 19. Be2 Qg5 20. Bxd6 Bxb2 21. Bxf8 Bxa1 22. Bc5 Rc8 23. Qa3 Qxd5 24. 0-0 Rxc5 25. Kg2 Rc2 26. Qe3 Bd4 27. Qf4 Rxe2+ 0-1

[Event "CZE-chT2E 0910"]
[Site "Czech Republic"]
[Date "2010.04.18"]
[Round "11.4"]
[White "Navratilik, Pavel"]
[Black "Sladek, Vladislav"]
[Result "1-0"]
[WhiteElo "2183"]
[BlackElo "2105"]
[PlyCount "85"]
[EventDate "2009.10.18"]
[EventType "team-tourn"]
[EventRounds "11"]
[EventCountry "CZE"]
[SourceTitle "EXT 2012"]
[Source "ChessBase"]
[SourceDate "2011.11.24"]
[SourceVersion "1"]
[SourceVersionDate "2011.11.24"]
[SourceQuality "1"]
[WhiteTeam "Holesov"]
[BlackTeam "Brno 64"]
[WhiteTeamCountry "CZE"]
[BlackTeamCountry "CZE"]

1. d4 d5 2. c4 e5 3. dxe5 d4 4. Nf3 Nc6 5. g3 Nge7 6. Bg2 Ng6 7. 0-0 Ngxe5 8. Nbd2 Be7 9. Nxe5 Nxe5 10. Nf3 Nxf3+ 11. Bxf3 0-0 12. Qd3 Re8 13. Rd1 Bf6 14. b4 g6 15. Bb2 Bf5 16. Qb3 c6 17. Rd2 h5 18. Rad1 h4 19. Bxd4 hxg3 20. hxg3 Bxd4 21. Rxd4 Qf6 22. Qc3 Rad8 23. Qd2 Rxd4 24. Qxd4 Qxd4 25. Rxd4 a6 26. Kg2 Re7 27. c5 Kg7 28. a3 Kf6 29. e3 Ke5 30. Be2 Be4+ 31. f3 Bd5 32. Kf2 f5 33. f4+ Ke6 34. Bf3 Rd7 35. e4 fxe4 36. Bg4+ Ke7 37. Bxd7 Kxd7 38. Ke3 Ke6 39. Rxe4+ Bxe4 40. Kxe4 Kf6 41. g4 Ke6 42. g5 Kf7 43. f5 1-0

[Event "CZE-chT2E 0910"]
[Site "Czech Republic"]
[Date "2010.01.31"]
[Round "6.4"]
[White "Vesely, Jaromir"]
[Black "Navratilik, Pavel"]
[Result "0-1"]
[WhiteElo "2071"]
[BlackElo "2183"]
[PlyCount "74"]
[EventDate "2009.10.18"]
[EventType "team-tourn"]
[EventRounds "11"]
[EventCountry "CZE"]
[SourceTitle "EXT 2012"]
[Source "ChessBase"]
[SourceDate "2011.11.24"]
[SourceVersion "1"]
[SourceVersionDate "2011.11.24"]
[SourceQuality "1"]
[WhiteTeam "Brno Lokomotiva"]
[BlackTeam "Holesov"]
[WhiteTeamCountry "CZE"]
[BlackTeamCountry "CZE"]

1. Nf3 Nf6 2. c4 e6 3. d4 d5 4. Nc3 c6 5. cxd5 exd5 6. Bg5 Be7 7. Qc2 0-0 8. e3 Ne4 9. Bxe7 Qxe7 10. Bd3 f5 11. 0-0 Nd7 12. Rae1 Ndf6 13. Ne5 g5 14. f3 Nd6 15. e4 fxe4 16. fxe4 dxe4 17. Nxe4 Nfxe4 18. Rxf8+ Qxf8 19. Bxe4 Bf5 20. Qb3+ Kh8 21. Bxf5 Qxf5 22. Rf1 Qe4 23. Qe6 Qxd4+ 24. Kh1 Ne4 25. Nf7+ Kg7 26. g3 Qd5 27. Qh6+ Kg8 28. Kg1 Rf8 29. Qxf8+ Kxf8 30. Nxg5+ Kg7 31. Nxe4 Qxe4 32. a3 c5 33. Kf2 b5 34. Kg1 a5 35. Kf2 b4 36. axb4 axb4 37. Kg1 b3 0-1

[Event "CZE-chT2E 0809"]
[Site "Czech Republic"]
[Date "2009.04.05"]
[Round "11.3"]
[White "Seitler, Andrej"]
[Black "Navratilik, Pavel"]
[Result "1/2-1/2"]
[WhiteElo "2251"]
[BlackElo "2164"]
[PlyCount "74"]
[EventDate "2008.10.12"]
[EventType "team-tourn"]
[EventRounds "11"]
[EventCountry "CZE"]
[SourceTitle "EXT 2010"]
[Source "ChessBase"]
[SourceDate "2010.11.25"]
[SourceVersion "1"]
[SourceVersionDate "2010.11.25"]
[SourceQuality "1"]
[WhiteTeam "Brno Lokomotiva II"]
[BlackTeam "Holesov"]
[WhiteTeamCountry "CZE"]
[BlackTeamCountry "CZE"]

1. d4 d5 2. Nf3 Nf6 3. g3 c6 4. Bg2 Bf5 5. 0-0 Qc8 6. Re1 Bh3 7. Bh1 Nbd7 8. Nbd2 e6 9. c4 dxc4 10. Nxc4 Nb6 11. Nce5 h6 12. a4 Bb4 13. Bd2 Bxd2 14. Nxd2 0-0 15. a5 Nbd7 16. Ndc4 Qc7 17. e4 Rad8 18. Qf3 Nxe5 19. dxe5 Ng4 20. Qc3 f6 21. exf6 Nxf6 22. Rad1 Bg4 23. Rxd8 Rxd8 24. Ne5 Bh5 25. a6 Be8 26. axb7 Qxb7 27. Nd3 Qb6 28. Nc5 Bf7 29. Bf3 e5 30. Qxe5 Rd2 31. Qc3 Rxb2 32. Re2 Rxe2 33. Bxe2 Nxe4 34. Nxe4 Qb1+ 35. Kg2 Qxe4+ 36. Bf3 Qe6 37. Bxc6 Qc8 1/2-1/2